000 00573nam a2200193Ia 4500
001 23738
003 GE_BSU
008 181216s||||||||xx |||||||||||||| ||und||
040 _cGE_BSU
245 _aПсихология обучения, №9 сентябрь, 2018.
245 _cГл. ред. Лаптев Л.Г.
260 _aмосква
260 _c2018г.
300 _a184стр. 24 см.
653 _aПериодика
653 _aПсихология обучения, №9 сентябрь, 2018.
653 _aპერიოდიკა
942 _cCR
999 _c56617
_d56617